Figures de Style - Statistiques

Statistiques générales
  • Ce quiz a été pris 739 fois
    685 depuis la dernière actualisation
  • Le résultat moyen est 15 sur 47
Statistiques - réponses
Définition Exemple Figure de Style % Correct
Répétition d'une ou plusieurs consonne.s. "Pour qui sont ces serpents qui sifflent sur vos têtes ?" Allitération
82%
Répétition d'un ou plusieurs mot.s en début de phrases ou de propositions. "Toujours aimer, toujours souffrir, toujours mourir." Anaphore
79%
Représentation concrète d'une idée abstraite. Marianne = La République Allégorie
78%
Mise en relation de plusieurs éléments grâce à un outil "comparatif". "La Terre est bleue comme une orange." Comparaison
73%
Répétition d'une ou plusieurs voyelle.s. "Tout m'afflige et me nuit et conspire à me nuire." Assonance
69%
Croisement d’éléments dans une phrase sur un modèle ABB'A'. "Je ne songeais pas à Rose ; Rose au bois vint avec moi." // "Elle portait un chemisier noir et une courte jupe." Chiasme
66%
Opposition de plusieurs mots ou groupe de mots de sens contraires dans une phrase. "Pauvres enfants en vacances." Antithèse
64%
Opposition de plusieurs mots ou groupe de mots de sens contraires juxtaposés. "Obscure clarté" // "Boucherie éthique" // "Silence assourdissant" // "Soleil noir" Oxymore
63%
Mise en relation de plusieurs éléments sans outil "comparatif". "Le remords dévorant s'éleva dans son coeur.." // "Je me suis baigné dans le poème de la mer." Métaphore
62%
Enumeration d'un ou plusieurs mot.s d'intensité croissante ou décroissante. "C'en est fait ; je n'en puis plus ; je me meurs ; je suis mort ; je suis enterré." Gradation
61%
Atténuation d'une réalité jugée trop brutale. "Il nous a quitté." Euphémisme
59%
Exagération d'une idée. "La surface du pain est merveilleuse [...] comme si l'on avait [...] sous la main les Alpes..." Hyperbole
58%
Emploi du contraire de l'idée voulue afin de la renforcer. "C'est loin d'être tout faux !" // "Il n'est pas complètement stupide." Litote
55%
Remplacement d'un mot par une expression plus longue. "Le roi soleil = Louis XIV" // ""La cité phocéenne = Marseille" // "Les forces de l'ordre = La police" Périphrase
51%
Remplacement d'un terme par un autre en comptant sur le lien logique qui les unit. "Paris a froid, Paris a faim" // "La salle a applaudi." // "Boire un verre." Métonymie
50%
Juxtaposition de deux propositions construites de manière semblable. "Dieu aima les oiseaux et inventa les arbres. L'homme aima les oiseaux et inventa les cages." Parallélisme
43%
Remplacement d'un terme par un autre en comptant sur le rapport d'inclusion qui les unit. "Voiles" = Bateau // "Son vélo a crevé" = Son pneu // "La France a gagné une médaille" = Le sportif français // "Respectez ses cheveux blancs" = Grand âge Synecdoque
38%
Idée renforcée par un ou plusieurs mots inutile.s au sens de la phrase. "Monter en haut" // "Le tri sélectif" // "Voir ses yeux" // "La marche à pied' // Tourner en rond' Pléonasme
34%
Répétition d'un ou plusieurs mot.s en fin de phrases ou de proposition. "Infiniment, la pluie, // La longue pluie, // La pluie" Epiphore
30%
Rupture dans la construction syntaxique. Rentré chez lui, sa femme était malade. Anacoluthe
27%
Faire parler un mort, un animal, un objet, une abstraction. "Je suis la pipe d'un auteur ; on voit à contempler ma mine..." Prosopopée
27%
Emploi d'un seul verbe ayant deux sens différents "Il descend les escaliers, puis sa femme." Zeugma
25%
Evocation d'une idée après avoir énoncé que l'on n'allait pas l'évoquer. "Je ne vais pas vous dire que..." // "Inutile de vous préciser que..." // "...pour ne pas le citer..." Prétérition
24%
Juxtaposition de plusieurs mots dont le son est proche et peut être confondu. "Et la mer et l'amour ont l'amer pour partage." // "Qui se ressemble s'assemble." Paronomase
22%
Répétition de plusieurs mots de même racine, ou d'un verbe conjugué différemment. "Temps passés, Trépassés, [...] Je ne vis que passant ainsi que vous passâtes." Polyptote
22%
Absence de mot.s de liaison. "Je suis venu, j'ai vu, j'ai vaincu." Asyndéte
21%
Substitution d'un non commun en un nom propre ou inversement. "Cet homme est un Don Juan." Antonomase
20%
Reprise du dernier mot de la phrase précédente au début de la suivante. "L'homme est en ce monde ainsi que l'oiseau sur la branche, la branche est attachée à l'arbre..." Anadiplose
19%
Proposition étonnante, voire choquante. "Paris est tout petit, c'est là sa vraie grandeur." Paradoxe
17%
Mot formé par la fusion de deux autres mots. "Cuiteauchette" = Cuillère + Couteau + Fourchette Mot-valise
15%
Répétition d'un même mot pris dans un sens différent. "Le coeur a ses raisons que la raison ne connaît point." Antanaclase
13%
Répétition en fin de proposition, du même mot utilisé en début de la proposition précédente. "Et rose elle a vécu ce que vivent les roses." Epanadiplose
13%
Description réaliste, animée et frappante d'une scène, que l'on veut imagée. (Descriptions détaillées des auteurs réalistes telles que celles de Zola dans l'Assommoir) Hypotypose
12%
Répétition de syllabe.s en fin de mots, de vers, ou de phrases. "Un jour de canicule sur un véhicule où je circule, gesticule un funambule..." Homéotéleute
11%
Répétition en début de proposition d'une conjonction de coordination non nécessaire. "Mais tout dort, et l'armée, et les vents, et Neptune." Polysyndète
11%
Correction d'une affirmation en la renforcant. "C'est un roc ! ..C'est un pic ..C'est un cap ! Que dis-je, c'est un cap ? ..C'est une péninsule !" Epanorthose
10%
Retrait de la fin d'un nom commun. "Le métro // Le métropolitain" Apocope
9%
Association du sens propre et figuré d'un seul et même terme. "J'ai appelé la police, mais ils ne sont pas encore arrivés." Syllepse
9%
Brusque interruption du récit. "Moi qui mourrais le jour qu'on voudrait m'interdire de vous..." Aposiopèse
8%
Remplacement d'une forme grammaticale par une autre afin de créer un décalage. "Chanter faux" // "Une porte grande ouverte." // "...nous avons menti, on se moque de vous." Enallage
8%
Répétition immédiate d'un même terme. "Ô triste, triste était mon âme // A cause, à cause d'une femme." Epizeuxe
8%
Retrait du début d'un nom commun. "Le bus // L'autobus" Aphérèse
7%
Substitution de deux termes ayant un rapport de cause à effet. "Il a perdu sa langue." Métalepse
5%
Accumulation de mots courts sans mot.s de liaison. "Pleure, tonne, tempête, éclate, hurle, mord." Epitrochasme
4%
Séparation de deux termes ayant un rapport d'inclusion. "L'enfant dut subir son père et ses réprimandes" "Un temple rempli de voix et de prières." Hendiadyn
4%
Emploi simultané de l'anaphore et de l'épiphore. "Qui est l'auteur de cette loi ? Rullus / Qui a privé du suffrage la plus grande partie du peuple romain ? Rullus." Symploque
4%
Répétitions multiples de la même idée. "Et la mer et l'amour ont l'amer pour partage. Et la mer est amère. Et l'amour est amère." Expolition
3%
Aucun quiz correspondant
Distribution des résultats
% des personnes avec chaque résultat
Percentile par nombre de réponses
Votre historique - résultats
Vous n’avez pas pris ce quiz depuis la dernière actualisation